000 00697nam a2200241 a 4500
001 BRCA_7439
005 20190320205833.0
008 110413s1943----fr-a######---#000-0#fre-#
041 _afre
044 _afr
050 4 _aD907
_b.E97 1943
245 1 0 _aL´Europe
_bpaysages et civilisations
_cpresentation de Paul Claudel.
260 _aParís
_bEgloff
_cc1943
300 _a38 p.
_bil., 248 láminas
440 0 _aCollection Atlantis Orbis Terrarum
_918324
500 _aQ190
651 4 _aEuropa
_xDescripción y viajes
_94974
651 4 _aEuropa
_xHistoria
_917230
651 4 _aEuropa
_xCivilización
_97851
700 1 _aClaudel, Paul
_d1868-1955
_918325
902 _aGFM
942 _2lcc
_cB
999 _c7115
_d7115